Statistics for Fenerbahçe Best Scorer By Year

Click here to take the quiz!

General Stats

  • This quiz has been taken 647 times
    (521 since last reset)
  • The average score is 10 of 38

Answer Stats

Player% Correct
Alex
91%
Enner Valencia
88%
Moussa Sow
74%
Robin van Persie
73%
Serdar Dursun
64%
Vedat Muriqi
57%
Roberto Soldado
56%
Aykut Kocaman
55%
Semih Şentürk
53%
Tuncay Şanlı
44%
Dani Güiza
39%
Serhat Akın
30%
Lefter Küçükandonyadis
26%
Tanju Çolak
25%
Pierre van Hooijdonk
24%
Márcio Nobre
21%
Jay-Jay Okocha
20%
Elvir Bolić
16%
Haim Revivo
13%
Cemil Turan
12%
Elvir Baljić
11%
Selçuk Yula
11%
İsmail Kartal
9%
Viorel Moldovan
8%
Bülent Uygun
7%
Giuliano de Paula
6%
Washington
5%
Ogün Altıparmak
4%
İlyas Tüfekçi
2%
Osman Arpacıoğlu
2%
Şenol Çorlu
2%
Erol Togay
1%
Kayhan Kaynak
1%
Raşit Çetiner
1%
Ziya Şengül
1%
Aydın Yelken
0%
İsa Ertürk
0%
Salim Görür
0%

Score Distribution

Percentile by Number Answered

Percent of People with Each Score

Your Score History

You have not taken this quiz since the last reset